Political Parties in Finland - Statistics

General Stats
  • This quiz has been taken 104 times
  • The average score is 8 of 9
Answer Stats
Seats Answer % Correct
40 Social Democratic Party
99%
38 Finns Party
94%
38 National Coalition
91%
31 Centre Party
90%
20 Green League
90%
10 Swedish People's Party
87%
16 Left Alliance
85%
5 Christian Democrats
79%
1 Movement Now
73%
No matching quizzes found
Score Distribution
Percent of People with Each Score
Percentile by Number Answered
Your Score History
You have not taken this quiz